Darren McGavin Filmography - Statistics

General Stats
  • This quiz has been taken 3 times
    2 since last reset
  • The average score is 103 of 228
Answer Stats
Type Year Name % Correct
TV Show 1998, 1999 The X-Files
100%
Film 1972 43: The Richard Petty Story
50%
TV Film 1979 A Bond of Iron
50%
Film 1983 A Christmas Story
50%
Film 1977 Airport '77
50%
TV Show 1955, 1964 Alfred Hitchcock Presents
50%
TV Film 1969 Anatomy of a Crime
50%
Theater 1955 Anna Christie
50%
TV Film 1994 A Perfect Stranger
50%
TV Show 1952, 1953, 1956 Armstrong Circle Theatre
50%
TV Mini-Series 1989 Around the World in 80 Days
50%
Film 1945 A Song to Remember
50%
Short Film 1955 A Word to the Wives...
50%
TV Show 1971 Banyon
50%
Film 1957 Beau James
50%
TV Show 1964 Ben Casey
50%
TV Film 1970 Berlin Affair
50%
Film 1995 Billy Madison
50%
Film 1991 Blood and Concrete
50%
Theater 1961 Blood, Sweat and Stanley Poole
50%
TV Show 1964 Bob Hope Presents the Chrysler Theatre
50%
TV Show 1970 Bracken's World
50%
TV Film 1976 Brink's: The Great Robbery
50%
Film 1964 Bullet for a Badman
50%
TV Show 1995 Burke's Law
50%
TV Film 1990 By Dawn's Early Light
50%
TV Show 1971 Cade's County
50%
Film 1990 Captain America
50%
TV Show 1951-1952 Casey, Crime Photographer
50%
TV Show 1987 CBS Summer Playhouse
50%
TV Film 1990 Child in the Night
50%
TV Show 1967 Cimarron Strip
50%
TV Show 1992 Civil Wars
50%
TV Show 1956 Climax!
50%
Theater 1949 Cock-a-Doodle Doo
50%
TV Show 1966 Confidential for Women
50%
Film 1945 Counter-Attack
50%
TV Show 1966 Court Martial
50%
TV Show 1967 Custer
50%
Theater 1962 Damn Yankees
50%
TV Show 1952, 1953, 1954 Danger
50%
Theater 1952 Dark Legend
50%
Film 1988 Dead Heat
50%
Theater 1949-1950 Death of a Salesman
50%
TV Show 1961 Death Valley Days
50%
TV Show 1958 Decision
50%
TV Film 1995 Derby
50%
TV Film 1979 Donovan's Kid
50%
TV Show 1965 Dr. Kildare
50%
TV Show 1995 Fallen Angels
50%
TV Show 1978 Fantasy Island
50%
Film 1946 Fear
50%
Film 1981 Firebird 2015 AD
50%
Film 1986 Flag
50%
TV Mini-Series 1983 Freedom to Speak
50%
TV Pilot 1966 From Here to Eternity
50%
Film 1987 From the Hip
50%
TV Show 1995 Fudge
50%
TV Show 1995 Gargoyles
50%
TV Show 1952 Goodyear Television Playhouse
50%
TV Show 1996 Grace Under Fire
50%
TV Show 1965, 1966 Gunsmoke
50%
Film 1980 Hangar 18
50%
Film 1992 Happy Hell Night
50%
Film 1973 Happy Mother's Day, Love George
50%
Film 1974 Hay que matar a B.
50%
TV Film 1972 Here Comes the Judge
50%
Theater 1965 Here Lies Jeremy Troy
50%
TV Show 1988 Highway to Heaven
50%
TV Show 1979 Home Again
50%
Film 1978 Hot Lead and Cold Feet
50%
TV Mini-Series 1980 Ike: The War Years
50%
Theater 1963 Indoor Sport
50%
TV Film 1988 Inherit the Wind
50%
Film 1989 In the Name of Blood
50%
Short Film 1949 I Remember You
50%
TV Show 1955 It's Always Jan
50%
TV Show 1954 Janet Dean, Registered Nurse
50%
Film 1945 Kiss and Tell
50%
TV Film 1990 Kojak: It's Always Something
50%
TV Show 1974-1975 Kolchak: The Night Stalker
50%
TV Film 1976 Law and Order
50%
Theater 1945 Liliom
50%
TV Show 1970 Love, American Style
50%
TV Film 1979 Love for Rent
50%
Theater 1956 Love Story
50%
TV Show 1981 Magnum, P.I.
50%
TV Show 1954 Mama
50%
TV Show 1970 Mannix
50%
TV Film 1992 Mastergate
50%
TV Show 1956 Matinee Theater
50%
TV Show 1970 Matt Lincoln
50%
TV Show 1997 Millennium
50%
TV Show 1967 Mission: Impossible
50%
Film 1968 Mission Mars
50%
TV Show 1989 Monsters
50%
TV Film 1974 Mooch
50%
Film 1970 Mrs. Pollifax-Spy
50%
TV Show 1992 Murder, She Wrote
50%
TV Show 1989, 1991, 1992 Murphy Brown
50%
Theater 1953-1954 My 3 Angels
50%
TV Film 1985 My Wicked, Wicked Ways: The Legend of Errol Flynn
50%
TV Show 1981 Nero Wolfe
50%
Film 1976 No Deposit, No Return
50%
Theater 1944 No Rhyme, No Reason
50%
TV Film 1979 Not Until Today
50%
TV Show 1953, 1954, 1955 Omnibus
50%
TV Show 1974 Owen Marshall, Counselor at Law
50%
TV Film 1991 Perfect Harmony
50%
Theater 1955 Picnic
50%
TV Show 1963 Playdate
50%
TV Show 1974 Police Story
50%
TV Show 1955 Pond's Theater
50%
TV Show 1955 Producers' Showcase
50%
Film 1999 Pros & Cons
50%
TV Show 1962 Purex Summer Specials
50%
Film 1951 Queen for a Day
50%
Film 1986 Raw Deal
50%
TV Show 1961 Rawhide
50%
TV Show 1959-1961 Riverboat
50%
TV Show 1956 Robert Montgomery Presents
50%
TV Show 1961 Route 66
50%
TV Film 1972 Say Goodbye, Maggie Cole
50%
TV Show 1974 Shaft
50%
Film 1945 She Wouldn't Say Yes
50%
TV Show 1953 Short Short Dramas
50%
TV Show 1992 Sibs
50%
TV Show 1995 Sisters
50%
TV Show 1983 Small & Frye
50%
Film 1996 Small Time
50%
TV Film 1972 Something Evil
50%
TV Show 1961 Stagecoach West
50%
Film 2008 Still Waters Burn
50%
Film 1955 Summertime
50%
TV Show 1952, 1954 Suspense
50%
TV Show 1985 Tales from the Darkside
50%
TV Film 1987 Tales from the Hollywood Hills: A Table at Ciro's
50%
TV Show 1983 Tales of the Unexpected
50%
TV Show 1952 Tales of Tomorrow
50%
TV Show 1956, 1957 The Alcoa Hour
50%
TV Film 1993 The American Clock
50%
TV Film 1984 The Baron and the Kid
50%
TV Show 1971 The Bold Ones: The Lawyers
50%
TV Show 1954 The Campbell Playhouse
50%
Film 1958 The Case Against Brooklyn
50%
TV Film 1970 The Challenge
50%
TV Film 1970 The Challengers
50%
TV Show 1995 The Commish
50%
Film 1955 The Court Martial of Billy Mitchell
50%
Film 1957 The Court-Martial of Billy Mitchell
50%
TV Film 1971 The Death of Me Yet
50%
TV Show 1963, 1964 The Defenders
50%
Film 1957 The Delicate Delinquent
50%
TV Film 1988 The Diamond Trap
50%
TV Show 1973, 1974 The Evil Touch
50%
TV Show 1966 The Felony Squad
50%
TV Film 1970 The Forty-Eight Hour Mile
50%
TV Show 1991 The General Motors Playwrights Theater
50%
Theater 1960 The Golden Fleecing
50%
Film 1965 The Great Sioux Massacre
50%
Theater 1962 The Happiest Man Alive
50%
TV Show 1985 The Hitchhiker
50%
Theater 1956 The Innkeepers
50%
TV Show 1961 The Islanders
50%
Theater 1964, 1966 The King and I
50%
Theater 1946 The Late Christopher Bean
50%
TV Show 1980 The Love Boat
50%
Theater 1956 The Lovers
50%
TV Show 1967 The Man from U.N.C.L.E.
50%
Film 1955 The Man with the Golden Arm
50%
TV Mini-Series 1980 The Martian Chronicles
50%
Theater 1962 The Music Man
50%
TV Show 1968, 1969, 1970 The Name of the Game
50%
Film 1984 The Natural
50%
TV Film 1972 The Night Stalker
50%
TV Film 1973 The Night Strangler
50%
TV Show 1964 The Nurses
50%
TV Film 1985 The O'Briens
50%
Theater 1948 The Old Lady Says No!
50%
TV Film 1967 The Outsider
50%
TV Show 1968-1969 The Outsider
50%
TV Show 1953 The Philco Television Playhouse
50%
Theater 1954-1955 The Rainmaker
50%
TV Show 1953 The Revlon Mirror Theater
50%
TV Show 1964 The Rogues
50%
TV Show 1972 The Rookies
50%
TV Show 1973 The Six Million Dollar Man
50%
Theater 1951, 1954-1955 The Thracian Horse
50%
TV Pilot 1948 The Times Square Story
50%
Theater 1957-1958 The Tunnel of Love
50%
TV Show 1962 The United States Steel Hour
50%
TV Film 1978 The Users
50%
TV Show 1964, 1967 The Virginian
50%
TV Show 1952 The Web
50%
TV Show 1997 Touched by an Angel
50%
TV Film 1970 Tribes
50%
Film 1985 Turk 182
50%
Theater 1958-1959 Two for the Seesaw
50%
Theater 1961 Under the Yum Yum Tree
50%
Theater 1945 Volpone
50%
TV Show 1951, 1954, 1957, 1958 Westinghouse Studio One
50%
TV Film 1961 Witchcraft
50%
Theater 1959 Wonderful Town
50%
TV Show 1986 Worlds Beyond
50%
Film 1978 Zero to Sixty
50%
Film 1965 African Gold
0%
Theater 1964 A Thousand Clowns
0%
TV Pilot 1990 Big
0%
TV Show 1959 Buckskin
0%
Theater 1985 California Dog Fight
0%
Theater 1968 Captain Brassbound's Conversion
0%
Theater 1966-1967 Dinner at Eight
0%
Film 1951 Distant Drums
0%
Theater 1993-1994 Greetings
0%
TV Show 1958-1959 Mickey Spillane's Mike Hammer
0%
TV Show 1992 Miracles & Other Wonders
0%
TV Show 1949 Mr. I. Maginations
0%
TV Documentary 1994 Mysteries of the Ancient World
0%
TV Show 1968 NBC Experiment in Television
0%
TV Film 1972 Sam Cade
0%
TV Show 1960 The Arthur Murray Party
0%
TV Documentary 1993 The Incredible Discovery of Noah's Ark
0%
TV Film 1984 The Return of Marcus Welby, M.D.
0%
TV Show 1954 The Telltale Cure
0%
TV Show 1959 The Tennessee Ernie Ford Show
0%
TV Show 1968-1979 The Wonderful World of Disney
0%
TV Film 1989 Unclaimed Fortunes
0%
TV Film 1980 Wakiki
0%
No matching quizzes found
Score Distribution
Percent of People with Each Score
Percentile by Number Answered
Your Score History
You have not taken this quiz since the last reset